MyGZULibrary

Social entrepreneurship in education : (Record no. 10082)

MARC details
000 -LEADER
fixed length control field 01873cam a2200373 a 4500
001 - CONTROL NUMBER
control field 15871921
003 - CONTROL NUMBER IDENTIFIER
control field GZU
005 - DATE AND TIME OF LATEST TRANSACTION
control field 20211013141040.0
008 - FIXED-LENGTH DATA ELEMENTS--GENERAL INFORMATION
fixed length control field 090818s2009 mdu b 001 0 eng
010 ## - LIBRARY OF CONGRESS CONTROL NUMBER
LC control number 2009034212
020 ## - INTERNATIONAL STANDARD BOOK NUMBER
International Standard Book Number 9781607093558 (cloth : alk. paper)
020 ## - INTERNATIONAL STANDARD BOOK NUMBER
International Standard Book Number 9781607093565 (pbk. : alk. paper)
020 ## - INTERNATIONAL STANDARD BOOK NUMBER
International Standard Book Number 1607093553
020 ## - INTERNATIONAL STANDARD BOOK NUMBER
International Standard Book Number 1607093561
035 ## - SYSTEM CONTROL NUMBER
System control number (OCoLC)ocn432595248
040 ## - CATALOGING SOURCE
Original cataloging agency DLC
Transcribing agency DLC
Modifying agency YDX
-- YDXCP
-- BWX
-- CDX
-- GPM
-- DLC
043 ## - GEOGRAPHIC AREA CODE
Geographic area code n-us---
050 00 - LIBRARY OF CONGRESS CALL NUMBER
Classification number LC1085.2
Item number .SAN 2009
100 1# - MAIN ENTRY--PERSONAL NAME
Personal name Sandler, Michael R.,
Dates associated with a name 1940-
Relator term author
245 10 - TITLE STATEMENT
Title Social entrepreneurship in education :
Remainder of title private ventures for the public good /
Statement of responsibility, etc. Michael R. Sandler.
260 ## - PUBLICATION, DISTRIBUTION, ETC.
Place of publication, distribution, etc. Lanham [Md.] :
Name of publisher, distributor, etc. Rowman & Littlefield Education,
Date of publication, distribution, etc. c2009.
300 ## - PHYSICAL DESCRIPTION
Extent xi, 161 p. ;
Dimensions 24 cm.
490 1# - SERIES STATEMENT
Series statement New frontiers in education
504 ## - BIBLIOGRAPHY, ETC. NOTE
Bibliography, etc. note Includes bibliographical references and index.
505 0# - FORMATTED CONTENTS NOTE
Formatted contents note Energy and persistence conquer all things -- Bold interventions -- Breaking the mold -- Venturing into education -- The journey and challenges of scale and profitability -- Mining the gold -- Boom, bust, and unforseen consequences -- Building sustainable structure for the education industry -- Education entrepreneurs responding to the call -- Epilogue: baseball, education, and our future.
650 #0 - SUBJECT ADDED ENTRY--TOPICAL TERM
Topical term or geographic name entry element Business and education
Geographic subdivision United States.
650 #0 - SUBJECT ADDED ENTRY--TOPICAL TERM
Topical term or geographic name entry element Privatization in education
Geographic subdivision United States.
650 #0 - SUBJECT ADDED ENTRY--TOPICAL TERM
Topical term or geographic name entry element New frontiers in education.
856 42 - ELECTRONIC LOCATION AND ACCESS
Materials specified Contributor biographical information
Uniform Resource Identifier <a href="http://www.loc.gov/catdir/enhancements/fy1108/2009034212-b.html">http://www.loc.gov/catdir/enhancements/fy1108/2009034212-b.html</a>
856 41 - ELECTRONIC LOCATION AND ACCESS
Materials specified Table of contents only
Uniform Resource Identifier <a href="http://www.loc.gov/catdir/enhancements/fy1114/2009034212-t.html">http://www.loc.gov/catdir/enhancements/fy1114/2009034212-t.html</a>
906 ## - LOCAL DATA ELEMENT F, LDF (RLIN)
a 7
b cbc
c orignew
d 1
e ecip
f 20
g y-gencatlg
942 ## - ADDED ENTRY ELEMENTS (KOHA)
Source of classification or shelving scheme Library of Congress Classification
Koha item type Books
Classification part 1085.2
Item part SAN
Call number prefix LC
Holdings
Withdrawn status Lost status Source of classification or shelving scheme Damaged status Not for loan Collection code Home library Current library Shelving location Date acquired Source of acquisition Total Checkouts Full call number Barcode Date last seen Copy number Price effective from Koha item type
    Library of Congress Classification     Non-fiction City Campus Library City Campus Library General Stacks 10/13/2021 American Embassy - Harare   LC1085.2 SAN 2009 031635 10/13/2021 c. 1 10/13/2021 Books